Bodies of Water on the World Map - Extreme Difficulty - Statistics

General Stats
  • This quiz has been taken 68 times
  • The average score is 82 of 140
Answers on the Map
Answers color-coded by a green-red scale on the quiz's map according to % correct below.
 
Answer Stats
Bodies of Water % Correct
Caribbean Sea
98%
Pacific Ocean
98%
Atlantic Ocean
96%
Gulf of Mexico
96%
Lake Erie
96%
Red Sea
96%
Arctic Ocean
94%
Black Sea
94%
Caspian Sea
94%
Indian Ocean
94%
Lake Ontario
94%
Lake Superior
94%
Hudson Bay
92%
Arabian Sea
90%
Irish Sea
90%
Lake Huron
90%
Lake Michigan
90%
Lake Victoria
90%
Mediterranean Sea
90%
North Sea
90%
Adriatic Sea
88%
English Channel
88%
Baltic Sea
86%
Bay of Biscay
86%
South China Sea
86%
Bay of Bengal
84%
Japan Sea
84%
Panama Canal
84%
Persian Gulf (Gulf of Iran)
84%
Strait of Gibraltar
82%
Tasman Sea
82%
East China Sea
80%
Great Slave Lake
80%
Southern Ocean
80%
Aegean Sea
78%
Great Bear Lake
78%
Gulf of Guinea
78%
Suez Canal
78%
Coral Sea
76%
Lake Malawi
74%
Lake Nicaragua
74%
Lake Titicaca
74%
Norwegian Sea
74%
Yellow Sea
74%
Coastal Waters of SE Alaska & BC (Salish Sea)
72%
Lake Baikal
72%
Bering Sea
70%
Bering Strait
70%
Gulf of Aden
70%
Gulf of California
70%
Andaman Sea
68%
Greenland Sea
68%
Java Sea
68%
Balearic (Iberian) Sea
66%
Gulf of Alaska
66%
Sea of Azov
66%
Bay of Fundy
64%
Ionian Sea
64%
Labrador Sea
64%
Lake Winnipeg
64%
Gulf of Finland
62%
Strait of Hormuz
62%
Great Australian Bight
60%
Gulf of Venezuela
60%
Malacca Strait
60%
Sea of Okhotsk
60%
Solomon Sea
60%
Tyrrhennian Sea
60%
White Sea
60%
Gulf of Thailand
58%
Lake Tanganyika
58%
Philippines Sea
58%
East Siberian Sea
56%
Kara Sea
56%
Strait of Magellan
56%
Lake Ladoga
54%
Northwestern Passages
54%
Rio de la Plata
54%
Taiwan Strait
54%
Baffin Bay
52%
Barents Sea
52%
Beaufort Sea
52%
Cook Strait
52%
Gulf of Oman
52%
Gulf of Tonkin
52%
Ligurian Sea
52%
Timor Sea
52%
Gulf of Aqaba
50%
Gulf of Bothnia
50%
Gulf of St. Lawrence
50%
Laccadive Sea
50%
Sea of Marmara
50%
Celebes Sea
48%
Bass Strait
46%
Flores Sea
46%
Arafura Sea
44%
Chukchi Sea
44%
Davis Strait
44%
Gulf of Riga
44%
Kattegat
44%
Laptev Sea
44%
Bismarck Sea
42%
Bosporus Strait
40%
Dardanelles
40%
Lake Athabasca
40%
Lake Onega
40%
Gulf of Carpentaria
38%
James Bay
38%
Mozambique Channel
38%
Skagerrak
38%
Alboran Sea
36%
Banda Sea
36%
Drake Passage
36%
Gulf of Suez
34%
Ross Sea
34%
Strait of Messina
34%
Weddell Sea
34%
Denmark Strait
30%
Strait of Singapore
30%
Sulu Sea
30%
Bali Sea
28%
Halmahera Sea
28%
Lake Balkhash
28%
Makassar Strait
28%
Molucca Sea
28%
Lake Vostok
26%
Lincoln Sea
26%
Amundsen Sea
24%
Inner Seas
24%
Savu Sea
24%
Gulf of Tomini
20%
Scotia Sea
20%
Seram Sea
20%
Bristol Channel
18%
Kerch Strait
18%
Seto (Inland) Sea
16%
Bellingshausen Sea
14%
Gulf of Boni
14%
Hudson Strait
14%
Bab-el Mendeb Strait
10%
No matching quizzes found
Score Distribution
Percent of People with Each Score
Percentile by Number Answered
Your Score History
You have not taken this quiz